Loading...
The Serving Leader : 5 Powerful Actions That Will Transform Your Team, Your Business, and your Community
| LEADER | 01111nam a22001577a 4500 | ||
|---|---|---|---|
| 020 | |a 1-57675-265-8 | ||
| 082 | |a 658.4092 |b JEN/T | ||
| 100 | |a Ken Jennings |a John Stahl-Wert |9 175437 | ||
| 245 | |a The Serving Leader : 5 Powerful Actions That Will Transform Your Team, Your Business, and your Community | ||
| 260 | |a San Francisco |b Berrett-Koehler Publishers |c 2003 | ||
| 300 | |a xi+125p. | ||
| 650 | |a Leadership |a Teams in the workplace |a Management |a Leadership--Moral and ethical aspects |9 175438 | ||
| 856 | |u https://books.google.co.in/books?id=sFA2Rz6MRhIC&printsec=frontcover&dq=The+Serving+Leader+:+5+Powerful+Actions+That+Will+Transform+Your+Team,+Your+Business,+and+your+Community+Ken+Jennings&hl=en&sa=X&ved=0CB4Q6wEwAGoVChMI3_Kt0-WdxwIV0iOOCh1LugnF#v=onepage&q=The%20Serving%20Leader%20%3A%205%20Powerful%20Actions%20That%20Will%20Transform%20Your%20Team%2C%20Your%20Business%2C%20and%20your%20Community%20Ken%20Jennings&f=false | ||
| 942 | |c BK | ||
| 999 | |c 190351 |d 190347 | ||
| 952 | |0 0 |1 0 |4 0 |6 658_409200000000000_JEN_T |7 0 |8 NFIC |9 190943 |a SMBS |b SMBS |c GEN |d 2015-08-10 |l 0 |o 658.4092 JEN/T |p SMBSR1035 |r 2015-08-10 |w 2015-08-10 |y REF | ||